000 00635nam a2200205Ia 4500
001 13326
003 GE_BSU
008 181216s||||||||xx |||||||||||||| ||und||
040 _cGE_BSU
080 _a54(035)
100 _aГороновский,И.Т. Назаренко,Ю.П. Некряц.Е.Ф.
245 _aКраткий справочник по химии
245 _cОтв.ред.О.Д.Куриленко
260 _aКиев
260 _bИзд-во АН Украинской ССР
260 _c1962
300 _a660стр.20см.
653 _aКраткий справочник по химии
942 _cBK
999 _c46487
_d46487